01025 2200289 4500245008700000250001100087100001700098700001900115700001900134700002000153700002000173700002600193700002200219700002000241700002100261700002100282700002600303700001900329650001600348005001900364260001800383041001400401084000800415300002000423500028300443336000900726 aKoleksi Karya Siswa Kelas XI - PM b : Life is Still Going OncPutri SakilahText aCet. 1 aPutri Sakila aAditya Saputra aSafira Rospita aRokhis Setiawan aNuraini Fauziah aMuhammad Naufal Raffi aKayla Dwi Saphira aRangga Ariyanto aDenisa Febriyani aMalik Abdul Azis aAldi Febrian Nasution aMuhammad Rafli aKarya Siswa a20240221104559 aJakartac2024 aIndonesia a081 ailus. :c25 cm. aKoleksi karya siswa ini merupakan karya argumentasi dari beberapa siswa kelas XI-PM. Beberapa karya argumentasinya seperti Pengaruh Media Sosial dalam Kehidupan Remaja karya Aldi Pebrian Nasution, Pengaruh AI bagi Perkembangan Zaman karya Muhammad Rafli dan karya-karya lainnya. atext